Latin America (Record no. 37623)

MARC details
000 -LEADER
campo de control de longitud fija 01812aam a2200481 i 4500
001 - NÚMERO DE CONTROL
campo de control MOR01000037646
005 - FECHA Y HORA DE LA ÚLTIMA TRANSACCIÓN
campo de control 20260331112442.0
007 - CAMPO FIJO DE DESCRIPCIÓN FÍSICA--INFORMACIÓN GENERAL
campo de control de longitud fija ta
008 - DATOS DE LONGITUD FIJA--INFORMACIÓN GENERAL
campo de control de longitud fija 910415s1968 nyu g is 001 0 eng d
035 ## - NÚMERO DE CONTROL DEL SISTEMA
Número de control de sistema 911276
040 ## - FUENTE DE CATALOGACIÓN
Centro catalogador/agencia de origen mxcmmo
Lengua de catalogación spa
Normas de descripción rda
Centro/agencia transcriptor mxcmmo
041 0# - CÓDIGO DE IDIOMA
Código de lengua del texto/banda sonora o título independiente eng
043 ## - CÓDIGO DE ÁREA GEOGRÁFICA
Código de área geográfica cl-----
045 ## - PERIODO DE TIEMPO DEL CONTENIDO
Código de periodo de tiempo x3x6
082 04 - NÚMERO DE LA CLASIFICACIÓN DECIMAL DEWEY
Número de clasificación 320.970053
Número de ítem LAT.a
245 00 - MENCIÓN DEL TÍTULO
Título Latin America
Resto del título : reform or revolution? : a reader/
Mención de responsabilidad, etc. ed. by James Petras and Maurice Zeitlin
264 #1 - PRODUCCIÓN, PUBLICACIÓN, DISTRIBUCIÓN, FABRICACIÓN Y COPYRIGHT
Producción, publicación, distribución, fabricación y copyright New York :
Nombre del de productor, editor, distribuidor, fabricante Fawcett World Library,
Fecha de producción, publicación, distribución, fabricación o copyright 1968.
300 ## - DESCRIPCIÓN FÍSICA
Extensión 511 páginas;
Dimensiones 18 cm
336 ## - TIPO DE CONTENIDO
Término de tipo de contenido texto
Código de tipo de contenido txt
Fuente rdacontent
337 ## - TIPO DE MEDIO
Nombre/término del tipo de medio sin medio
Código del tipo de medio n
Fuente rdamedia
338 ## - TIPO DE SOPORTE
Nombre/término del tipo de soporte volumen
Código del tipo de soporte nc
Fuente rdacarrier
490 #0 - MENCIÓN DE SERIE
Mención de serie A Fawcett premier book
490 #0 - MENCIÓN DE SERIE
Mención de serie Political perspectives series
500 ## - NOTA GENERAL
Nota general Incluye índice
651 #7 - PUNTO DE ACCESO ADICIONAL DE MATERIA--NOMBRE GEOGRÁFICO
Nombre geográfico Hispanoamérica
Subdivisión general Condiciones económicas
Subdivisión cronológica 1945-
Subdivisión general Alocuciones, ensayos, conferencias
9 (RLIN) 59926
651 #7 - PUNTO DE ACCESO ADICIONAL DE MATERIA--NOMBRE GEOGRÁFICO
Nombre geográfico Hispanoamérica
Subdivisión general Condiciones sociales
Subdivisión cronológica 1945-
Subdivisión general Alocuciones, ensayos, conferencias
9 (RLIN) 4877
651 #7 - PUNTO DE ACCESO ADICIONAL DE MATERIA--NOMBRE GEOGRÁFICO
Nombre geográfico Hispanoamérica
Subdivisión general Política y gobierno
Subdivisión cronológica 1948-
Subdivisión general Alocuciones, ensayos, conferencias
9 (RLIN) 1123
651 #7 - PUNTO DE ACCESO ADICIONAL DE MATERIA--NOMBRE GEOGRÁFICO
Nombre geográfico Hispanoamérica
Subdivisión general Relaciones (Generales) con Estados Unidos
9 (RLIN) 17748
700 1# - ENTRADA AGREGADA--NOMBRE PERSONAL
Nombre de persona Petras, James F.
Fechas asociadas al nombre 1937-
Término indicativo de función/relación editor
9 (RLIN) 1860
700 1# - ENTRADA AGREGADA--NOMBRE PERSONAL
Nombre de persona Zeitlin, Maurice
Fechas asociadas al nombre 1935-
Término indicativo de función/relación editor
9 (RLIN) 28501
900 ## - ELEMENTOS DE DATOS A LOCAL, LDA (RLIN)
Nombre de persona ALEPH14
Numeración Verónica Silva
Títulos y otros términos asociados al nombre 20061103
Lenguaje de la obra MOR01
-- 1046
900 ## - ELEMENTOS DE DATOS A LOCAL, LDA (RLIN)
Nombre de persona BATCH-UPD
Numeración 00
Títulos y otros términos asociados al nombre 20120323
Lenguaje de la obra MOR01
-- 1737
900 ## - ELEMENTOS DE DATOS A LOCAL, LDA (RLIN)
Nombre de persona BATCH-UPD
Numeración 40
Títulos y otros términos asociados al nombre 20120321
Lenguaje de la obra MOR01
-- 1656
900 ## - ELEMENTOS DE DATOS A LOCAL, LDA (RLIN)
Nombre de persona BATCH
Numeración 00
Títulos y otros términos asociados al nombre 20120322
Lenguaje de la obra MOR01
-- 1719
900 ## - ELEMENTOS DE DATOS A LOCAL, LDA (RLIN)
Nombre de persona DYNIX
Numeración 00
Títulos y otros términos asociados al nombre 20030304
Lenguaje de la obra MOR01
-- 1719
900 ## - ELEMENTOS DE DATOS A LOCAL, LDA (RLIN)
Nombre de persona MARC21
Numeración 40
Títulos y otros términos asociados al nombre 20100611
Lenguaje de la obra MOR01
-- 1437
900 ## - ELEMENTOS DE DATOS A LOCAL, LDA (RLIN)
Nombre de persona MARC21
Numeración 40
Títulos y otros términos asociados al nombre 20160519
Lenguaje de la obra MOR01
-- 0954
900 ## - ELEMENTOS DE DATOS A LOCAL, LDA (RLIN)
Nombre de persona VOBO
Numeración 40
Títulos y otros términos asociados al nombre 20100520
Lenguaje de la obra MOR01
-- 1508
900 ## - ELEMENTOS DE DATOS A LOCAL, LDA (RLIN)
Nombre de persona VOBO
Numeración 40
Títulos y otros términos asociados al nombre 20100521
Lenguaje de la obra MOR01
-- 1527
904 ## - ELEMENTOS DE DATOS D LOCAL, LDD (RLIN)
a UPDATE
942 ## - ELEMENTOS DE ENTRADA SECUNDARIOS (KOHA)
Código de la institución [OBSOLETO] BK
901 ## - ELEMENTOS DE DATOS A LOCAL LDA (RLIN)
a batch batch
Holdings
Estatus retirado Estado de pérdida Fuente del sistema de clasificación o colocación Estado de daño No para préstamo Colección Biblioteca de origen Biblioteca actual Ubicación en estantería Fecha de adquisición Número de inventario Total de préstamos Signatura topográfica completa Código de barras Visto por última vez Precio de reemplazo Tipo de ítem Koha
    Clasificación Decimal Dewey     Libros (General) Biblioteca Instituto Mora Biblioteca Instituto Mora Regular 21/06/1994 014689   (G)/320.970053 LAT.a 33291000109724 03/09/2024 03/09/2024 Libro préstamo regular